[Event "European Blitz 2017"]
[Site "Katowice POL"]
[Date "2017.12.15"]
[Round "8.91"]
[White "Konopka, Michal"]
[Black "Jaskolka, Tomasz"]
[Result "1-0"]
[WhiteTitle "IM"]
[WhiteElo "2381"]
[BlackElo "2011"]
[WhiteFideId "308633"]
[BlackFideId "1170791"]
[EventDate "2017.12.15"]
[EventType "blitz"]

1. Nf3 d5 2. d4 c6 3. c4 Nf6 4. Qb3 e6 5. Nbd2 Qb6 6. g3 Nbd7 7. Bg2 Bd6 8. Qc2
Bb8 9. O-O O-O 10. e4 dxe4 11. Nxe4 Nxe4 12. Qxe4 Nf6 13. Qc2 c5 14. dxc5 Qxc5
15. Be3 Qh5 16. h3 e5 17. g4 Bxg4 18. hxg4 Nxg4 19. Rfd1 f5 20. Rd7 e4 21. Qc3
Be5 22. Nxe5 Qh2+ 23. Kf1 Nxe5 24. Bd4 Nxd7 25. Bxg7 Rf7 26. Bd4 Re8 27. Rd1 f4
28. Qh3 Qxh3 29. Bxh3 b6 30. Bc3 e3 31. Rxd7 e2+ 32. Ke1 Ree7 33. Rd8+ Rf8 34.
Rxf8+ Kxf8 35. Bb4 f3 36. Bg4 Kf7 37. Bxe7 Kxe7 38. Bxf3 1-0

[Event "European Blitz 2017"]
[Site "Katowice POL"]
[Date "2017.12.15"]
[Round "8.92"]
[White "Bednarek, Sylwester"]
[Black "Zylka, Stanislaw"]
[Result "0-1"]
[WhiteTitle "FM"]
[BlackTitle "FM"]
[WhiteElo "2307"]
[BlackElo "2336"]
[WhiteFideId "1101811"]
[BlackFideId "1189654"]
[EventDate "2017.12.15"]
[EventType "blitz"]

1. d4 Nf6 2. Bg5 d5 3. Bxf6 exf6 4. e3 Bd6 5. g3 O-O 6. Bg2 c6 7. Ne2 f5 8. O-O
Nd7 9. Nd2 Nf6 10. c4 dxc4 11. Nxc4 Bc7 12. b4 Be6 13. Qc2 g6 14. a4 Bd5 15.
Bxd5 Nxd5 16. b5 cxb5 17. axb5 h5 18. Rfd1 h4 19. Nf4 Bxf4 20. exf4 Rc8 21. Qb3
h3 22. Ne5 Kg7 23. Rxa7 Nc3 24. Rxb7 Nxd1 25. Rxf7+ Kh6 26. Qxd1 Qd5 27. Qf1
Rxf7 28. Qxh3+ Kg7 29. Qf1 Rfc7 30. Nc6 Rxc6 31. bxc6 Rxc6 32. Qe1 Qe4 33. Qa1
Rd6 34. d5+ Kf7 35. Qa7+ Kf6 36. Qa1+ Kf7 37. Qa7+ Ke8 38. Qb8+ Rd8 39. Qb5+ Rd7
40. d6 Qe6 41. Qb8+ Kf7 42. Qh8 Qf6 43. Qh7+ Qg7 44. Qh4 Rxd6 45. Kg2 Qf6 46.
Qh7+ Ke6 47. Qg8+ Qf7 48. Qc8+ Kf6 49. Qh8+ Ke7 50. Qe5+ Qe6 51. Qg7+ Kd8 52.
Qf8+ Kc7 53. Qg7+ Kc6 54. Kh3 Qe4 55. Qa7 Kd5 56. f3 Qe6 57. Qb7+ Rc6 58. Qb5+
Kd6 59. Qb4+ Kc7 60. Qa5+ Kb7 61. Qb5+ Rb6 62. Qc5 Qd6 63. Qc4 Qc6 64. Qf7+ Ka6
65. Kh4 Qxf3 66. Qa2+ Kb5 67. Qb2+ Kc5 68. Qe5+ Kb4 69. Qb2+ Qb3 70. Qd4+ Ka5
71. h3 Qb4 72. Qd8 Ka6 73. Kg5 Qd6 74. Qa8+ Kb5 75. Qe8+ Kc5 76. Qf7 Qd8+ 77.
Kh6 g5+ 78. Kh7 gxf4 79. Qxf5+ Kc6 80. Qg6+ Kb7 81. Qe4+ Rc6 82. Qb4+ Kc8 83.
Qxf4 Qd7+ 84. Kh8 Kb7 85. Qb4+ Rb6 86. Qe4+ Ka7 87. Qe3 Qf5 88. g4 Qg6 89. Qe7+
Rb7 90. Qa3+ Kb8 91. Qf8+ Kc7 92. Qe7+ Kc6 93. Qd8 Rh7# 0-1

[Event "European Blitz 2017"]
[Site "Katowice POL"]
[Date "2017.12.15"]
[Round "8.93"]
[White "Widla, Piotr"]
[Black "Szalanczy, Emil"]
[Result "0-1"]
[BlackTitle "IM"]
[WhiteElo "2046"]
[BlackElo "2201"]
[WhiteFideId "1132164"]
[BlackFideId "700347"]
[EventDate "2017.12.15"]
[EventType "blitz"]

1. e4 c5 2. Nc3 d6 3. g3 Nf6 4. Bg2 g6 5. d3 Bg7 6. Be3 Nc6 7. h3 O-O 8. Qd2 Rb8
9. Nge2 b5 10. Bh6 b4 11. Nd1 Nd4 12. Bxg7 Kxg7 13. Ne3 e5 14. f4 Nxe2 15. Qxe2
exf4 16. gxf4 Nh5 17. Qf2 Qf6 18. O-O-O Qxf4 19. Qd2 Be6 20. Rdf1 Qe5 21. Ng4
Qd4 22. Rf3 c4 23. Qh6+ Kh8 24. Rhf1 Qg7 25. Qxg7+ Kxg7 26. dxc4 Bxc4 27. Rd1
Rfd8 28. Rf2 Be6 29. Ne3 a5 30. b3 Rbc8 31. Rfd2 Rc3 32. Nd5 Bxd5 33. Rxd5 Nf4
34. R5d2 Nxg2 35. Rxg2 Re3 36. Rd5 Rxe4 37. Rxa5 Rc8 38. Rd5 Rc6 39. Rgd2 Re6
40. R5d4 Rb6 41. Kb2 h5 42. Rd5 Kf6 43. Rf2+ Ke7 44. Ra5 f5 45. Ra7+ Kf6 46. h4
Re4 47. Rd7 Rxh4 48. Rd2 Re4 49. R7xd6+ Rxd6 50. Rxd6+ Kg5 51. a4 bxa3+ 52. Kxa3
h4 53. Rd8 h3 54. Rd1 Kh4 55. b4 g5 56. b5 g4 57. b6 Re8 58. c4 g3 59. c5 g2 60.
c6 h2 61. b7 g1=Q 62. c7 Qa7+ 0-1

[Event "European Blitz 2017"]
[Site "Katowice POL"]
[Date "2017.12.15"]
[Round "8.94"]
[White "Michalski, Filip"]
[Black "Player, Edmund C"]
[Result "1-0"]
[WhiteElo "2089"]
[BlackElo "2174"]
[WhiteFideId "1151371"]
[BlackFideId "406520"]
[EventDate "2017.12.15"]
[EventType "blitz"]

1. d4 Nf6 2. c4 g6 3. Nc3 d5 4. e3 Bg7 5. Qb3 dxc4 6. Bxc4 O-O 7. Nf3 Nbd7 8.
O-O Nb6 9. Be2 c6 10. Qc2 Nfd5 11. a3 a5 12. b3 Bg4 13. Bb2 Nxc3 14. Bxc3 Qd5
15. h3 Bf5 16. Qb2 a4 17. Nd2 axb3 18. Qxb3 Qxb3 19. Nxb3 Rfb8 20. Rfc1 Na4 21.
Bb4 Bf8 22. f3 Be6 23. Nd2 Bd7 24. Ne4 Bg7 25. Bxe7 f5 26. Nd6 Bf8 27. Bc4+ Kg7
28. Bxf8+ Kxf8 29. Bb3 Ke7 30. Nc4 b5 31. Ne5 Rb6 32. Rab1 Raa6 33. Nd3 Be6 34.
Nb4 Ra8 35. Nxc6+ Kd6 36. Ne5 Bxb3 37. Rxb3 Ra7 38. Rcb1 Ra5 39. Nc4+ 1-0

[Event "European Blitz 2017"]
[Site "Katowice POL"]
[Date "2017.12.15"]
[Round "8.95"]
[White "Barski, Radoslaw"]
[Black "Buraczewski, Rafal"]
[Result "1/2-1/2"]
[WhiteTitle "IM"]
[WhiteElo "2452"]
[BlackElo "2221"]
[WhiteFideId "1131710"]
[BlackFideId "1155245"]
[EventDate "2017.12.15"]
[EventType "swiss"]

1. e4 e6 2. d4 d5 3. Nd2 dxe4 4. Nxe4 Bd7 5. Nf3 Bc6 6. Bd3 Nd7 7. O-O Bxe4 8.
Bxe4 c6 9. Qe2 Ngf6 10. Bd3 Qc7 11. c4 Bd6 12. b3 b6 13. Bb2 O-O 14. Ne5 c5 15.
Nxd7 Qxd7 16. dxc5 Bxc5 17. Bxf6 gxf6 18. Rad1 Qe7 19. Bxh7+ Kxh7 20. Qh5+ Kg7
21. Qg4+ 1/2-1/2

[Event "European Blitz 2017"]
[Site "Katowice POL"]
[Date "2017.12.15"]
[Round "8.96"]
[White "Ruotanen, Helge"]
[Black "Paszewski, Mateusz"]
[Result "1/2-1/2"]
[BlackTitle "FM"]
[WhiteElo "1911"]
[BlackElo "2307"]
[WhiteFideId "501883"]
[BlackFideId "1141058"]
[EventDate "2017.12.15"]
[EventType "blitz"]

1. g3 d5 2. Bg2 c6 3. d3 Nf6 4. Nc3 Bg4 5. f4 g6 6. Bd2 Bg7 7. h3 Bc8 8. e4 Qc7
9. Qf3 e6 10. e5 Nfd7 11. h4 h5 12. g4 hxg4 13. Qxg4 Bf8 14. h5 gxh5 15. Rxh5
Rxh5 16. Qxh5 b5 17. Bh3 Nb6 18. O-O-O b4 19. Nce2 c5 20. Ng3 Nc6 21. Re1 c4 22.
dxc4 Nxc4 23. Nf3 Nxd2 24. Kxd2 Qa5 25. b3 Qc5 26. f5 exf5 27. e6 Qc3+ 28. Kd1
Qa1+ 29. Kd2 Qc3+ 30. Kd1 1/2-1/2

[Event "European Blitz 2017"]
[Site "Katowice POL"]
[Date "2017.12.15"]
[Round "8.97"]
[White "Sliwicka, Alicja"]
[Black "Fistek, Dariusz"]
[Result "1-0"]
[WhiteTitle "WFM"]
[WhiteElo "2337"]
[BlackElo "2218"]
[WhiteFideId "1150677"]
[BlackFideId "1132210"]
[EventDate "2017.12.15"]
[EventType "blitz"]

1. e4 c5 2. Nf3 d6 3. d4 cxd4 4. Qxd4 Nc6 5. Bb5 Bd7 6. Bxc6 Bxc6 7. Nc3 e6 8.
Bg5 Nf6 9. O-O-O Be7 10. Qd3 Qc7 11. Kb1 a6 12. Nd4 O-O 13. f4 h6 14. h4 b5 15.
e5 dxe5 16. fxe5 Nd5 17. Nxc6 hxg5 18. Nxd5 exd5 19. hxg5 g6 20. Qh3 1-0

[Event "European Blitz 2017"]
[Site "Katowice POL"]
[Date "2017.12.15"]
[Round "8.98"]
[White "Orndahl, Markus"]
[Black "Malinowski, Damian"]
[Result "1-0"]
[WhiteElo "2182"]
[BlackElo "2032"]
[WhiteFideId "1709135"]
[BlackFideId "1157140"]
[EventDate "2017.12.15"]
[EventType "blitz"]

1. d4 d5 2. Bf4 c6 3. e3 Nf6 4. Nf3 Bg4 5. h3 Bh5 6. c4 e6 7. Nc3 Bd6 8. Qb3 b6
9. Ne5 O-O 10. cxd5 exd5 11. Rc1 Bxe5 12. Bxe5 Nbd7 13. Bg3 Rc8 14. Ba6 Ne4 15.
Nxe4 dxe4 16. O-O c5 17. Bxc8 Qxc8 18. Bd6 Re8 19. dxc5 bxc5 20. Qb5 Ne5 21.
Rxc5 Nf3+ 22. Kh1 Qe6 23. Rxh5 1-0

[Event "European Blitz 2017"]
[Site "Katowice POL"]
[Date "2017.12.15"]
[Round "8.99"]
[White "Terletsky, Oleg"]
[Black "Malyovanyi, Yulian"]
[Result "1/2-1/2"]
[WhiteTitle "FM"]
[WhiteElo "2384"]
[BlackElo "1923"]
[WhiteFideId "14116774"]
[BlackFideId "14171198"]
[EventDate "2017.12.15"]
[EventType "swiss"]

1. e4 c5 2. Nf3 e6 3. d4 cxd4 4. Nxd4 a6 5. Nc3 Qc7 6. Bd3 Nc6 7. Nxc6 bxc6 8.
O-O d5 9. Re1 Bb7 10. e5 c5 11. b3 g6 12. Bf4 Bg7 13. Na4 Ne7 14. c4 O-O 15. Rc1
Rad8 16. cxd5 Nxd5 17. Rxc5 Qe7 18. Bd2 Nb6 19. Bb4 Nxa4 20. bxa4 Qd7 21. Rc3
Qd5 22. Qg4 Rc8 23. Bxf8 Rxc3 24. Bxg7 Kxg7 25. Bf1 Rc2 26. Qf4 Qd2 27. Qf6+ Kg8
28. Re2 Qd1 29. Rxc2 Qxc2 30. h4 Qxa4 31. h5 gxh5 32. Qg5+ Kf8 33. Qxh5 Be4 34.
Qh6+ Kg8 35. Qg5+ Bg6 36. Qd8+ Kg7 37. Qd2 a5 38. Qb2 Qb4 39. Qxb4 axb4 40. Bc4
Be4 41. f3 Bc6 42. Kf2 f6 43. Bxe6 fxe5 44. Ke3 Kf6 45. Bb3 h6 46. g3 Kf5 47.
Bc2+ Kf6 48. f4 exf4+ 49. Kxf4 Bd5 50. Bb1 Bf7 51. g4 Bd5 52. Ke3 Ke5 1/2-1/2

[Event "European Blitz 2017"]
[Site "Katowice POL"]
[Date "2017.12.15"]
[Round "8.100"]
[White "Miton, Kamil"]
[Black "Kuchar, Matej"]
[Result "1-0"]
[WhiteTitle "GM"]
[WhiteElo "2584"]
[BlackElo "1990"]
[WhiteFideId "1111914"]
[BlackFideId "358207"]
[EventDate "2017.12.15"]
[EventType "blitz"]

1. d4 Nf6 2. c4 c5 3. d5 b5 4. Nd2 g6 5. e4 d6 6. Ngf3 bxc4 7. Bxc4 Bg7 8. O-O
O-O 9. h3 Nbd7 10. Re1 Nb6 11. Bf1 a5 12. a4 Ba6 13. Bxa6 Rxa6 14. Qc2 Qc7 15.
Rb1 Rc8 16. Nc4 Nxc4 17. Qxc4 Rb6 18. Bd2 Rb7 19. b3 Nd7 20. Rec1 Rcb8 21. Qc2
Qb6 22. Be1 Qa6 23. Nd2 Nb6 24. Rd1 Bh6 25. Nf3 Bg7 26. g3 Rc8 27. Nd2 Bh6 28.
Nc4 Nxc4 29. bxc4 Rcb8 30. Rb5 Rxb5 31. axb5 Qb6 32. Ra1 Ra8 33. Ra4 Bg7 34. Qa2
f5 35. exf5 gxf5 36. Bxa5 Qb8 37. Bd2 Rxa4 38. Qxa4 Bd4 39. Qc2 Qf8 40. Kg2 Kg7
41. b6 Qb8 42. Qb1 Kf6 43. b7 1-0

[Event "European Blitz 2017"]
[Site "Katowice POL"]
[Date "2017.12.15"]
[Round "9.1"]
[White "Navara, David"]
[Black "Alekseev, Evgeny"]
[Result "0-1"]
[WhiteTitle "GM"]
[BlackTitle "GM"]
[WhiteElo "2740"]
[BlackElo "2616"]
[WhiteFideId "309095"]
[BlackFideId "4138147"]
[EventDate "2017.12.15"]
[EventType "blitz"]

1. d4 d5 2. c4 e6 3. Nc3 Bb4 4. a3 Bxc3+ 5. bxc3 c5 6. e3 Nf6 7. cxd5 exd5 8.
Bd3 O-O 9. Ne2 b6 10. O-O Ba6 11. f3 Re8 12. Ng3 Bxd3 13. Qxd3 Nc6 14. Bb2 h5
15. Rae1 h4 16. Nf5 h3 17. gxh3 Ne7 18. dxc5 bxc5 19. c4 dxc4 20. Nxe7+ Qxe7 21.
Qxc4 Rab8 22. Rf2 Qe6 23. Qxc5 Nd5 24. Rg2 f6 25. Qxa7 Ne7 26. Qd4 Kf7 27. e4
Rb3 28. Rg3 Reb8 29. Bc1 Nc6 30. Qd2 Ne5 31. Qg2 g6 32. Bf4 Nd3 33. Bxb8 Nxe1
34. Qe2 Qb6+ 35. Kf1 Qxb8 36. Qc4+ Kg7 37. Qc6 Nxf3 38. Qd7+ Kh6 39. Rxg6+ Kxg6
40. Qf5+ Kf7 0-1

[Event "European Blitz 2017"]
[Site "Katowice POL"]
[Date "2017.12.15"]
[Round "9.3"]
[White "Michalik, Peter"]
[Black "Kovalev, Vladislav"]
[Result "1-0"]
[WhiteTitle "GM"]
[BlackTitle "GM"]
[WhiteElo "2557"]
[BlackElo "2639"]
[WhiteFideId "14907526"]
[BlackFideId "13504398"]
[EventDate "2017.12.15"]
[EventType "blitz"]

1. d4 Nf6 2. c4 g6 3. Nf3 Bg7 4. e3 O-O 5. Be2 d6 6. O-O Nbd7 7. Nc3 e5 8. Qc2
Re8 9. Rd1 b6 10. d5 a5 11. Nd2 Nc5 12. b3 e4 13. Bb2 Bf5 14. Nf1 h5 15. Nb5 h4
16. Nd4 Bg4 17. h3 Bxe2 18. Qxe2 Nfd7 19. Nc6 Qg5 20. Bxg7 Kxg7 21. Nh2 f5 22.
Nd4 Ne5 23. a3 Qf6 24. Kh1 Kh7 25. Rg1 a4 26. b4 Nb3 27. Rad1 Nxd4 28. Rxd4 Nd3
29. f3 Nf4 30. Qf2 Nh5 31. Nf1 exf3 32. gxf3 f4 33. exf4 Nxf4 34. Nh2 g5 35. Ng4
Qf5 36. Qf1 Re7 37. Rd2 Rae8 38. Nf2 Re2 39. Rxe2 Nxe2 40. Ne4 Rxe4 41. fxe4
Ng3+ 42. Kg2 Qxf1+ 43. Rxf1 Nxf1 44. Kxf1 Kg6 45. e5 dxe5 46. c5 bxc5 47. d6
cxd6 48. b5 g4 49. b6 gxh3 50. b7 Kf5 51. b8=Q d5 52. Qf8+ Ke4 53. Qxc5 h2 54.
Kg2 d4 55. Qc2+ Ke3 56. Qxa4 e4 57. Qa7 h3+ 58. Kxh2 Kd3 59. Qh7 Ke3 60. Qxh3+
Kd2 61. Qg2+ Kd3 62. Qf1+ Kd2 63. Qf2+ Kd3 64. Kg3 e3 65. Qe1 Ke4 66. Qh1+ Kd3
67. Kf3 e2 68. Qe1 1-0

[Event "European Blitz 2017"]
[Site "Katowice POL"]
[Date "2017.12.15"]
[Round "9.4"]
[White "Demidov, Mikhail"]
[Black "Dziuba, Marcin"]
[Result "0-1"]
[WhiteTitle "IM"]
[BlackTitle "GM"]
[WhiteElo "2523"]
[BlackElo "2584"]
[WhiteFideId "4197143"]
[BlackFideId "1112953"]
[EventDate "2017.12.15"]
[EventType "blitz"]

1. d4 d5 2. Nf3 Nf6 3. Bf4 c5 4. dxc5 e6 5. e3 Bxc5 6. Be2 O-O 7. O-O b6 8. c4
dxc4 9. Bxc4 Bb7 10. Nc3 a6 11. a3 b5 12. Ba2 Qb6 13. Qe2 Nbd7 14. Rfd1 h6 15.
e4 Rfd8 16. b4 Be7 17. e5 Nh7 18. Ne4 Ndf8 19. Nd6 Ng6 20. Be3 Qc7 21. Rac1 Qb8
22. Nxb7 Qxb7 23. Bb1 Ngf8 24. Bf4 Rxd1+ 25. Rxd1 Rc8 26. h4 Rd8 27. Rxd8 Bxd8
28. Qe4 Qc8 29. Qc2 Qb7 30. h5 Bb6 31. Qe4 Qc8 32. g3 Qc3 33. Qd3 Qc6 34. Kg2
Ng5 35. Bxg5 hxg5 36. Qe4 Qc1 37. Qc2 Qxa3 38. Nxg5 Qxb4 39. h6 gxh6 40. Ne4 Qd4
41. Nf6+ Kg7 42. Qe2 Ng6 43. Bxg6 fxg6 44. f4 h5 45. Qc2 Qc4 46. Qd2 Qc6+ 47.
Kh2 a5 48. Qa2 a4 49. Qa3 Bc5 50. Qc3 Bg1+ 0-1

[Event "European Blitz 2017"]
[Site "Katowice POL"]
[Date "2017.12.15"]
[Round "9.5"]
[White "Tari, Aryan"]
[Black "Andriasian, Zaven"]
[Result "1/2-1/2"]
[WhiteTitle "GM"]
[BlackTitle "GM"]
[WhiteElo "2593"]
[BlackElo "2585"]
[WhiteFideId "1510045"]
[BlackFideId "13302000"]
[EventDate "2017.12.15"]
[EventType "blitz"]

1. e4 c5 2. Nf3 d6 3. Bb5+ Nc6 4. d4 cxd4 5. Qxd4 Bd7 6. Qd3 g6 7. c4 Bg7 8. Nc3
Nf6 9. h3 O-O 10. O-O a6 11. Bxc6 Bxc6 12. Nd4 Rc8 13. Be3 Nd7 14. Rac1 Nc5 15.
Qc2 Ne6 16. Qd2 Re8 17. Rfd1 Qa5 18. b3 Nxd4 19. Bxd4 Bxd4 20. Qxd4 b5 21. cxb5
axb5 22. b4 Qa3 23. Rb1 Bd7 24. Rb3 Qa6 25. Rd2 Be6 26. Nd5 Rc4 27. Qe3 Qc6 28.
Kh2 Bxd5 29. exd5 Qd7 30. Rd4 Rc2 31. Rd2 Rec8 32. Rbd3 R2c4 33. Rd4 Rc3 34.
R4d3 R3c4 35. Rd4 Rc3 36. R4d3 1/2-1/2

[Event "European Blitz 2017"]
[Site "Katowice POL"]
[Date "2017.12.15"]
[Round "9.6"]
[White "McShane, Luke J"]
[Black "Zwardon, Vojtech"]
[Result "1-0"]
[WhiteTitle "GM"]
[BlackTitle "IM"]
[WhiteElo "2640"]
[BlackElo "2408"]
[WhiteFideId "404853"]
[BlackFideId "325511"]
[EventDate "2017.12.15"]
[EventType "blitz"]

1. e4 c5 2. Nc3 Nc6 3. g3 g6 4. Bg2 Bg7 5. d3 d6 6. Be3 Rb8 7. Nge2 b5 8. Qd2 b4
9. Nd1 Bg4 10. O-O Qd7 11. f3 Bh3 12. Rb1 Bxg2 13. Kxg2 h5 14. Nf2 Nf6 15. c4
bxc3 16. bxc3 O-O 17. d4 cxd4 18. cxd4 Rfc8 19. Nd3 h4 20. Nf2 Rb6 21. gxh4 Ra6
22. Ng3 e5 23. d5 Nd4 24. Rfc1 Rxc1 25. Rxc1 Qa4 26. Rc8+ Kh7 27. Rc7 Kg8 28. h5
gxh5 29. Bxd4 Qxd4 30. Qc2 Ra3 31. Nf5 h4 32. Nxd4 1-0

[Event "European Blitz 2017"]
[Site "Katowice POL"]
[Date "2017.12.15"]
[Round "9.7"]
[White "Brunello, Sabino"]
[Black "Kovalev, Denis"]
[Result "0-1"]
[WhiteTitle "GM"]
[BlackTitle "IM"]
[WhiteElo "2553"]
[BlackElo "2504"]
[WhiteFideId "813613"]
[BlackFideId "14104059"]
[EventDate "2017.12.15"]
[EventType "blitz"]

1. c4 c6 2. b3 d5 3. Bb2 Bf5 4. Nf3 Nd7 5. g3 Ngf6 6. Bg2 e6 7. O-O h6 8. d3 Bc5
9. Nbd2 O-O 10. Rc1 Qe7 11. Ne5 Ba3 12. Bxa3 Qxa3 13. Nxd7 Nxd7 14. Rc2 a5 15.
Nb1 Qb4 16. cxd5 exd5 17. e4 dxe4 18. dxe4 Be6 19. f4 f5 20. Qe1 fxe4 21. Bxe4
Rfe8 22. Bg6 Bf7 23. Bxf7+ Kxf7 24. Qf2 Nf6 25. Rc4 Qe7 26. Nc3 Rad8 27. f5 Qe3
28. Qxe3 Rxe3 29. Kf2 Rxc3 0-1

[Event "European Blitz 2017"]
[Site "Katowice POL"]
[Date "2017.12.15"]
[Round "9.8"]
[White "Kovalenko, Igor"]
[Black "Moskalenko, Alexander"]
[Result "0-1"]
[WhiteTitle "GM"]
[BlackTitle "IM"]
[WhiteElo "2639"]
[BlackElo "2522"]
[WhiteFideId "14117908"]
[BlackFideId "4155351"]
[EventDate "2017.12.15"]
[EventType "blitz"]

1. d4 Nf6 2. Nf3 e6 3. e3 d5 4. Bd3 c5 5. b3 Nbd7 6. O-O b6 7. Bb2 Bb7 8. Nbd2
Be7 9. Ne5 O-O 10. f4 cxd4 11. exd4 Ne4 12. Qe2 f5 13. Rf3 Nxe5 14. fxe5 Bb4 15.
Nf1 Bc3 16. Bxc3 Nxc3 17. Qe1 Ne4 18. Ne3 a5 19. Qe2 Qc7 20. c4 dxc4 21. Bxc4
Nc3 22. Qe1 Bxf3 23. Qxc3 Kh8 24. gxf3 b5 25. f4 bxc4 26. bxc4 g5 27. fxg5 f4
28. Ng4 Rf5 29. h4 f3 30. Kf2 Rb8 31. Rf1 Rb4 32. Ne3 Rf8 33. a3 Rb7 34. Kg3 Qf7
35. Ng4 Qf4+ 36. Kh3 Rf5 37. Qe3 Qxe3 38. Nxe3 Rf4 39. d5 Rb3 40. Nd1 Rxc4 41.
dxe6 Re4 42. Nf2 Rxe5 43. Rc1 Rxe6 44. a4 Rb4 45. Rc8+ Kg7 46. Rc7+ Kg8 47. Kg3
Rxa4 48. Rc8+ Kf7 49. Ra8 Re7 50. Ra6 Kg7 51. Rf6 Ra3 52. Ra6 a4 53. h5 Re5 54.
Kf4 Re7 55. h6+ Kf8 56. Ng4 f2 57. Nxf2 Rf7+ 58. Ke5 Rxf2 59. g6 hxg6 60. Ra8+
Kf7 61. h7 Re3+ 62. Kd4 Rh3 63. h8=Q Rxh8 64. Rxh8 a3 65. Ra8 a2 66. Ke3 Rh2 67.
Kf4 Kg7 68. Ra6 Kh6 69. Kg4 Rb2 70. Kh4 Kg7 71. Kg5 Rg2+ 72. Kf4 Kf7 73. Kf3 Rb2
74. Kf4 Ke7 75. Ke5 Kd7 76. Kd4 Kc7 77. Kc3 Rg2 78. Kd3 g5 79. Ke3 g4 80. Kf4
Kb7 81. Ra3 Kc6 82. Ra8 Kb5 83. Ke3 Kc4 0-1

[Event "European Blitz 2017"]
[Site "Katowice POL"]
[Date "2017.12.15"]
[Round "9.9"]
[White "Manik, Mikulas"]
[Black "Buhmann, Rainer"]
[Result "1-0"]
[WhiteTitle "GM"]
[BlackTitle "GM"]
[WhiteElo "2415"]
[BlackElo "2584"]
[WhiteFideId "14900734"]
[BlackFideId "4651340"]
[EventDate "2017.12.15"]
[EventType "blitz"]

1. e4 e5 2. Nf3 Nc6 3. Bb5 a6 4. Ba4 Nf6 5. O-O Be7 6. d3 d6 7. c3 O-O 8. Re1
Nd7 9. Nbd2 Nb6 10. Bb3 a5 11. a4 Kh8 12. d4 exd4 13. Nxd4 Nxd4 14. cxd4 c6 15.
Nf1 d5 16. e5 c5 17. Ng3 f5 18. exf6 Rxf6 19. Bg5 Re6 20. Bxe7 Qxe7 21. dxc5
Qxc5 22. Rc1 Qf8 23. Qd4 Rf6 24. Nh5 Rg6 25. Bc2 Bf5 26. Bxf5 Qxf5 27. Ng3 Qd7
28. b3 h6 29. Re5 Rf8 30. Rce1 Rf7 31. Qc5 Rc6 32. Re8+ Kh7 33. Qd4 Rg6 34. Qd3
d4 35. h4 h5 36. Nxh5 Qg4 37. Ng3 Qxh4 38. R8e5 Rf6 39. Rh5+ 1-0

[Event "European Blitz 2017"]
[Site "Katowice POL"]
[Date "2017.12.15"]
[Round "9.10"]
[White "Georgiev, Kiril"]
[Black "Jaracz, Pawel"]
[Result "0-1"]
[WhiteTitle "GM"]
[BlackTitle "GM"]
[WhiteElo "2623"]
[BlackElo "2465"]
[WhiteFideId "2900017"]
[BlackFideId "1102222"]
[EventDate "2017.12.15"]
[EventType "blitz"]

1. d4 d5 2. Nf3 Nf6 3. c4 c6 4. Nc3 dxc4 5. a4 Bf5 6. Ne5 Nbd7 7. Nxc4 Nb6 8.
Ne5 a5 9. g3 e6 10. Bg2 Bb4 11. O-O O-O 12. e3 h6 13. Qe2 Bh7 14. Rd1 Nbd7 15.
Nc4 Qe7 16. Na2 e5 17. Nxb4 axb4 18. b3 exd4 19. Rxd4 Nc5 20. Qd1 Rfd8 21. Bb2
Nd3 22. Qe2 b5 23. axb5 Rxa1+ 24. Bxa1 cxb5 25. Rxd8+ Qxd8 26. Ne5 Nc1 27. Qxb5
Nxb3 28. Bb2 Qd1+ 29. Bf1 Bf5 30. Qe2 Qb1 31. Kg2 Nd2 32. Qxd2 Bh3+ 33. Kf3 Qxf1
34. e4 Qg2+ 35. Ke2 Qxe4+ 36. Qe3 Qc2+ 37. Qd2 Bf1+ 38. Ke3 Qe4# 0-1

[Event "European Blitz 2017"]
[Site "Katowice POL"]
[Date "2017.12.15"]
[Round "9.11"]
[White "Rodshtein, Maxim"]
[Black "Piorun, Kacper"]
[Result "1-0"]
[WhiteTitle "GM"]
[BlackTitle "GM"]
[WhiteElo "2699"]
[BlackElo "2651"]
[WhiteFideId "2806851"]
[BlackFideId "1130420"]
[EventDate "2017.12.15"]
[EventType "blitz"]

1. d4 d5 2. c4 e6 3. Nf3 Nf6 4. g3 Bb4+ 5. Bd2 Bd6 6. Nc3 c6 7. Bg2 Nbd7 8. Bg5
O-O 9. O-O h6 10. Bxf6 Nxf6 11. e3 b6 12. Nd2 Bb7 13. Re1 e5 14. cxd5 cxd5 15.
dxe5 Bxe5 16. Rc1 Rc8 17. Qb3 Rc5 18. Nf3 Bb8 19. Red1 Qe7 20. Nd4 Rd8 21. Qa3
Qe5 22. Nce2 Ne4 23. Nf4 Rxc1 24. Rxc1 a6 25. Qb4 b5 26. a4 Re8 27. Nd3 Qf6 28.
axb5 h5 29. bxa6 Bxa6 30. Rc6 Qg5 31. Rxa6 Nxf2 32. Nxf2 Qxe3 33. Ra1 h4 34. Qc3
Qe5 35. Nf3 1-0

[Event "European Blitz 2017"]
[Site "Katowice POL"]
[Date "2017.12.15"]
[Round "9.12"]
[White "Olszewski, Michal"]
[Black "Mastrovasilis, Dimitrios"]
[Result "0-1"]
[WhiteTitle "GM"]
[BlackTitle "GM"]
[WhiteElo "2540"]
[BlackElo "2582"]
[WhiteFideId "1121251"]
[BlackFideId "4202694"]
[EventDate "2017.12.15"]
[EventType "blitz"]

1. e4 c5 2. Nf3 e6 3. d4 cxd4 4. Nxd4 Nc6 5. Nc3 Qc7 6. f4 Nxd4 7. Qxd4 a6 8.
Be3 b5 9. Bd3 Bb7 10. O-O-O Rc8 11. Kb1 Nf6 12. e5 Ng4 13. Be4 Bxe4 14. Nxe4
Nxe3 15. Qxe3 Qxc2+ 16. Ka1 Bc5 17. Qf3 Bd4 18. Rb1 O-O 19. Rhd1 Rc4 20. Rd2
Qxe4 21. Qxe4 Bxb2+ 22. Kxb2 Rxe4 23. g3 Rc8 24. Rxd7 Re2+ 25. Kb3 Rxh2 26. Rc1
Rf8 27. Ra7 g5 28. fxg5 Re2 29. Rxa6 Rxe5 30. Rb6 Rxg5 31. Rc3 Rd8 32. a3 Rdd5
33. Kb4 Rg4+ 34. Kb3 Kg7 35. Rb7 h5 36. Kb2 Kg6 37. Rb3 Rd2+ 38. Kc3 Rxg3+ 0-1

[Event "European Blitz 2017"]
[Site "Katowice POL"]
[Date "2017.12.15"]
[Round "9.13"]
[White "Fressinet, Laurent"]
[Black "Heberla, Bartlomiej"]
[Result "1-0"]
[WhiteTitle "GM"]
[BlackTitle "GM"]
[WhiteElo "2662"]
[BlackElo "2555"]
[WhiteFideId "608742"]
[BlackFideId "1115120"]
[EventDate "2017.12.15"]
[EventType "blitz"]

1. e4 c5 2. Nf3 e6 3. d4 cxd4 4. Nxd4 Nf6 5. Nc3 Nc6 6. Ndb5 Bc5 7. Nd6+ Ke7 8.
Nxc8+ Rxc8 9. Bd3 Qc7 10. Bg5 Ne5 11. O-O h5 12. Kh1 Ng4 13. f4 Ne3 14. Qe2 Nxf1
15. Rxf1 Kf8 16. e5 Ng4 17. Ne4 Ne3 18. Rf3 Nf5 19. Rh3 Be7 20. Rxh5 Rxh5 21.
Qxh5 Bxg5 22. Nxg5 Nh6 23. Nh7+ Kg8 24. Nf6+ Kf8 25. Nh7+ Kg8 26. Nf6+ Kf8 27.
h3 Qa5 28. Ne4 Qe1+ 29. Kh2 Qe3 30. Qg5 Nf5 31. Nd6 Nxd6 32. exd6 f6 33. Qh4 Kg8
34. Qh7+ Kf8 35. Qh8+ Kf7 36. Qxc8 Qxf4+ 37. Kg1 Qc1+ 38. Bf1 Qe3+ 39. Kh1 Qc1
40. Qxd7+ Kg6 41. Qb5 1-0